| 000 -LEADER |
| fixed length control field |
01073pab a2200181 454500 |
| 008 - FIXED-LENGTH DATA ELEMENTS--GENERAL INFORMATION |
| fixed length control field |
180718b1999 xxu||||| |||| 00| 0 eng d |
| 100 ## - MAIN ENTRY--PERSONAL NAME |
| Personal name |
Keysers, Loes |
| 245 ## - TITLE STATEMENT |
| Title |
The politics of inclusion and exclusion: fortress Europe and the reproductive rights agenda |
| 260 ## - PUBLICATION, DISTRIBUTION, ETC. |
| Date of publication, distribution, etc. |
1999 |
| 300 ## - PHYSICAL DESCRIPTION |
| Extent |
p.18-24 |
| 362 ## - DATES OF PUBLICATION AND/OR SEQUENTIAL DESIGNATION |
| Dates of publication and/or sequential designation |
Mar |
| 520 ## - SUMMARY, ETC. |
| Summary, etc. |
Loes Keysers looks at Europe's role in shaping the feminist agenda for reproductive health and rights within the large macro-economic context. Keysers reviews the Cairo reproductive health and rights agenda within the sobering global context of population and development questions, taking up the relations within Europe and in the international domain of North-South cooperation. She argues that there are complex and controversial issues that need to come to the fore if Europe is to play an accountable and coherent role in setting a social justice rather than population control agenda. - Reproduced |
| 650 ## - SUBJECT ADDED ENTRY--TOPICAL TERM |
| Topical term or geographic name entry element |
Population - Europe |
| 650 ## - SUBJECT ADDED ENTRY--TOPICAL TERM |
| Topical term or geographic name entry element |
Population |
| 650 ## - SUBJECT ADDED ENTRY--TOPICAL TERM |
| Topical term or geographic name entry element |
Womens rights |
| 773 ## - HOST ITEM ENTRY |
| Main entry heading |
Development |
| 909 ## - |
| -- |
41184 |